00897 a2200205 4500003000500000005001700005010001600022020001700038040000900055082001500064100002500079245006200104260004700166300002800213505027900241650002600520942002400546999001900570952010200589Nust20221227130945.0 a 86214634 a0500013772 : cNust00a355.02,ANJ1 a Anjum .M. H910605310aStrong points with famous Battles / cMaj M.H. Anjum Aec a Rawalpindib Army Education Presscc1985. a598:p :bill. ;c23 cm. aIntroduction to Fortifications (Page-1), Ancient and Mediaeval Fortifications (Page-32), Field Fortifications (Page-49), Development of For tifications of world War II (Page-49), Development of Fortifications in Pakistan (Page-70) Fortfication in the Limited Wars (Page-84). aStrong points9106054 2ddccBKk355.02,ANJ c185122d185122 00102ddc40708NFICaMCSbMCSd2016-12-12l0o355.02 ANJpMCS21693r2016-12-08w2016-12-12yBK